00477 2200181 4500001002100000005001500021035001900036245006600055100002500121250000500146300003800151260003900189082000700228084001300235020002100248990001300269990001300282INLIS00000000000066820220113084841$a 0010-0122000002$a Komik next G: Tenteram dengan shalat /$c Nafila Radyana syamma$a Nafila Radyana syamma$a 2$a 96 hlm : $b ilus ; $c 14.5 x 21 cm$a Bandung :$b Muffin graphics,$c 2021$a 813$a 813 NAF k$a 978-602-367-903-4$a 0300/2021$a 0301/2021